Polacy w FNCS - Statystyki

Ogólne statystyki
  • Ten quiz został rozwiązany 76 razy
    37 od ostatniego zresetowania
  • Średni wynik to 131 z 427
Statystyki odpowiedzi
Hint Odpowiedź % Poprawnych
S1CH3(F) | S1CH4(F) | S1CH5(F) | +13 others Kami
100%
S1CH3(F) | S1CH4(F) | S1CH5(F) | +12 others Setty
97%
S1CH2(F) | S1CH3(F) | S3CH2 | +8 others Teeq
83%
S1CH4(F) | S1CH5(F) | S2CH3 | +5 others Chary
72%
S1CH5 | S2CH5 | S3CH5 Demus
72%
S1CH3 | S1CH4(F) | S1CH5(F) | +3 others Mikson
72%
S1CH2(F) | S2CH2(F) | S3CH2 | +5 others Kubx
69%
S1CH3 | S1CH4(F) | S1CH5 | +4 others Blacha
66%
S1CH5 | S2CH3(F) | S3CH3(F) Japko
66%
S1CH4(F) | S1CH5(F) | S2CH2 | +4 others G13ras
62%
S1CH3 | S1CH4(F) | S2CH3 | +4 others Kombek
62%
S1CH5 | S2CH5 | S3CH5 Pixx
59%
S1CH4(F) | S1CH5(F) | S2CH3 | +4 others Purchawa
59%
S1CH2(F) | S2CH2(F) | S4CH2(F) | +2 others Rakso
59%
S1CH2 | S1CH4(F) | S2CH2(F) | +9 others Artor
55%
S2CH5 | S3CH3 | S3CH5 Darmowy
55%
S3CH5 Kizers
45%
S2CH2 Jarkos
41%
S1CH3(F) | S2CH4(F) | S3CH3 | +2 others Pkr
41%
S3CH5 Dinus
38%
S1CH3(F) | S1CH4(F) | S1CH5 | +8 others Kefyy
38%
S1CH5 | S2CH2 | S3CH3(F) | +3 others Packo
38%
S1CH4(F) | S1CH5(F) | S2CH4 | +2 others Vexi
38%
S1CH2(F) | SXCH1 3vil
34%
S2CH5 Franek
34%
S1CH2 | S2CH2 | SXCH1(F) Luki
34%
S1CH5(F) | S2CH3 | S2CH5 | +5 others Dandir
31%
S1CH5 | S2CH4 | S2CH5 | S3CH5(F) Firen
31%
S1CH3(F) | S2CH3(F) | S3CH4(F) | +2 others Mlody
31%
S1CH5 | S2CH5 | S3CH5(F) Maciak
28%
S1CH5 | S4CH2 Mck
28%
S1CH5 Polish
28%
S2CH2 Qln
28%
S1CH5 | S3CH5(F) Wojtus
28%
S1CH2 | S2CH2 | S2CH3 | +5 others Advise
24%
S1CH4(F) | S1CH5(F) | S2CH4 | S2CH5(F) Dabuel
24%
S1CH5 | S2CH5 | S3CH5 Seren
24%
S1CH5 | S2CH5(F) | S3CH5 Gobaw
21%
S1CH5 | S2CH5(F) | S3CH5 Kielba
21%
S1CH5 | S2CH4 Pixovsky
21%
S1CH5 Cashy
17%
S1CH3 | S1CH4 | S2CH4 | +3 others Raxi
17%
S1CH3(F) | S1CH4 | S1CH5 | +5 others Rellvis
17%
S1CH5 | S2CH5 Amos
14%
S2CH5(F) Czesiack
14%
S6CH2 | S7CH2 Devon
14%
S1CH2 | SXCH1 Flame
14%
S1CH2 | S2CH2 | S3CH2 | +5 others J4chu
14%
S1CH2 | S3CH2(F) | S5CH2 | +2 others Krejz
14%
S2CH4(F) Paluch
14%
S1CH5(F) | S2CH4 | S2CH5 | +2 others Pixel
14%
S3CH5 Pixovsky
14%
S1CH2 | SXCH1(F) Smiley
14%
S1CH5(F) | S2CH5 | S3CH5 SnozQ
14%
S1CH2 | SXCH1 Ayum
10%
S3CH2 | S5CH2 | S6CH2 | S7CH2 Czajnik
10%
S1CH5 | S2CH4(F) | S2CH5 | S3CH5(F) Filipmonk
10%
S2CH5(F) Gacus
10%
S1CH2 | SXCH1 Gibon
10%
S1CH2 | SXCH1 IceFire
10%
S2CH2 | S3CH2 Rejek
10%
S2CH3 | S3CH3 | S3CH5 Tuna
10%
S1CH5 veeq
10%
S2CH5 Veeq
10%
S3CH2 | S5CH2 | S6CH2 C1suu
7%
S1CH3(F) | S1CH4 | S2CH3(F) | +4 others Crusti
7%
S2CH5 | S3CH5(F) Cxshy
7%
S1CH4 | S3CH3 Czrownik
7%
S1CH2 | S2CH2 | SXCH1 Hoop3k
7%
S1CH5 | S2CH4 Ivosik
7%
S2CH2 | S3CH2 | S5CH2 Kizzy
7%
S2CH5 | S3CH5 Niivzy
7%
S1CH5 | S2CH5 | S6CH2 | S7CH2 Paxyen
7%
S2CH2 Precious
7%
S6CH2 Qrei
7%
S3CH5 Relq
7%
S3CH2 | S4CH2 Richart
7%
S3CH2 | S5CH2 | S6CH2 Synx
7%
S6CH2 Zelek
7%
S5CH2 | S7CH2 2eh
3%
S1CH5 | S2CH5 | S3CH5 Adrix
3%
S1CH5 | S2CH5 Aero
3%
S1CH2 | SXCH1 Arokiz
3%
S2CH4 DaM1key
3%
S3CH2 Duszek
3%
S3CH2 Erzon
3%
S1CH2 Ever
3%
S3CH2 Fezul
3%
S3CH5 Filipek
3%
S5CH2 | S8CH2 Fishfall
3%
S6CH2 Freaky
3%
S1CH5 Hames
3%
S1CH2 | S3CH2 | SXCH1(F) Image
3%
S5CH2 | S7CH2 Jojo
3%
S3CH3 Kanox
3%
S5CH2 Kruczek
3%
S1CH5 | S3CH5 Kubas
3%
S3CH5 Kubison
3%
S1CH2 Laidback
3%
S6CH2 Lemu
3%
S2CH4 Loxtajl
3%
S2CH2 | S5CH2 Mohito
3%
S3CH2 | S6CH2(F) | S7CH2 | S8CH2 Nexxs
3%
S5CH2 | S6CH2 Proxen
3%
S2CH4 SeahorseW
3%
S3CH5 Sekay
3%
S5CH2 Sheer1
3%
S1CH2 | SXCH1 Shikuni
3%
S2CH5 | S3CH5 Skw
3%
S8CH2 Snake
3%
S6CH2 St4x
3%
S1CH2 | S5CH2 | S6CH2 | S7CH2 Stasiowy
3%
S1CH2 Szhy
3%
S2CH4 | S2CH5 | S3CH5 Szumich
3%
S3CH2 Tayren
3%
S1CH2 | SXCH1(F) Tokar
3%
S6CH2 Treciux
3%
S1CH2 | S5CH2 Vapxz
3%
S3CH3 Better
0%
S3CH5 Bexs
0%
S2CH5 Bitwi
0%
S2CH5 D0kus
0%
S2CH5 DaM1key
0%
S3CH5 Dewoxks
0%
S2CH5 | S3CH5 Ejdam
0%
S1CH5 Frixz
0%
S2CH5 | S3CH5 Happcio
0%
S5CH2 Iggor
0%
S2CH5 Juzio
0%
S2CH5 Kacpixon
0%
S2CH5 | S3CH5 Kapisowski
0%
S2CH3(F) Kicus
0%
S2CH5 Kijo
0%
S1CH5 Kobe
0%
S2CH5 Ksene
0%
S2CH5 KubiRasDwaRas
0%
S2CH5 | S3CH5 Kxbi
0%
S2CH4 | S2CH5 | S3CH5 Lazarek
0%
S3CH5 Madz1nn
0%
S2CH5 Magin
0%
S3CH5 Mizer
0%
S3CH5 Mrofka
0%
S5CH2 Murlok
0%
S1CH5 | S3CH5 Nizer
0%
S2CH5 Noni
0%
S3CH5 NoSeba
0%
S3CH5 Piontka
0%
S3CH5(F) Polsih
0%
S2CH5 Posvx
0%
S2CH5 Purczawa
0%
S3CH5 Senox
0%
S8CH2 Smapfy
0%
S3CH5 Smyrfi
0%
S1CH5 Snezy
0%
S3CH3 | S6CH2 | S7CH2 Snoozlooz
0%
S6CH2 Toox
0%
S3CH5 Twigz
0%
S8CH2 Voun
0%
S3CH5 Wrozbita
0%
S3CH5 Zaxi
0%
Nie znaleziono quizów pasujących do podanych kryteriów
Rozkład punktacji
Procent ludzi z każdym wynikiem
Percentyl według liczby udzielonych odpowiedzi
Twoja historia wyników
Nie rozwiązałeś tego quizu od ostatniego zresetowania